[Event "FRA-chT Top 12 (Women) GpA"]
[Site "Mulhouse"]
[Date "2016.05.08"]
[Round "5.3"]
[White "Rasinaru, Alina"]
[Black "Fischer, Julie"]
[Result "0-1"]
[WhiteElo "1941"]
[BlackElo "2007"]
[PlyCount "82"]
[EventDate "2016.05.05"]
[EventType "team-tourn"]
[EventRounds "5"]
[EventCountry "FRA"]
[SourceTitle "CBM 172 Extra"]
[Source "ChessBase"]
[SourceDate "2016.06.21"]
[SourceVersion "1"]
[SourceVersionDate "2016.06.21"]
[SourceQuality "1"]
[WhiteTeam "Juvisy (W)"]
[BlackTeam "Bischwiller (W)"]
[WhiteTeamCountry "FRA"]
[BlackTeamCountry "FRA"]

1. e4 c5 2. c3 d5 3. exd5 Qxd5 4. d4 Nf6 5. Nf3 Nc6 6. Be3 cxd4 7. cxd4 e6 8. Nc3 Qd6 9. Bd3 Nb4 10. Bb1 Be7 11. 0-0 Nbd5 12. Nxd5 Nxd5 13. Qd3 a6 14. Ne5 b5 15. a4 f6 16. Nf3 bxa4 17. Bc2 Nb6 18. Qe4 Bd7 19. Qg4 0-0 20. Qh5 f5 21. Ne5 Be8 22. Qh3 Bf6 23. Ra3 Rc8 24. Bd3 Bb5 25. Rd1 Nd5 26. Bxb5 axb5 27. f4 Rc2 28. Rd2 Rxb2 29. Rad3 Rxd2 30. Bxd2 Nb4 31. Bxb4 Qxb4 32. Kf2 Qb2+ 33. Ke3 a3 34. Nd7 Rf7 35. Nxf6+ Rxf6 36. Qh5 Qc1+ 37. Ke2 Rf8 38. Qg5 a2 39. Rg3 Qc2+ 40. Ke3 Qe4+ 41. Kd2 Qxd4+ 0-1

[Event "FRA-chT Top 12 (Women) GpA"]
[Site "Mulhouse"]
[Date "2016.05.06"]
[Round "2.2"]
[White "Sommer, Hannah"]
[Black "Rasinaru, Alina"]
[Result "0-1"]
[WhiteElo "1784"]
[BlackElo "1941"]
[PlyCount "104"]
[EventDate "2016.05.05"]
[EventType "team-tourn"]
[EventRounds "5"]
[EventCountry "FRA"]
[SourceTitle "CBM 172 Extra"]
[Source "ChessBase"]
[SourceDate "2016.06.21"]
[SourceVersion "1"]
[SourceVersionDate "2016.06.21"]
[SourceQuality "1"]
[WhiteTeam "Poitiers Migne (W)"]
[BlackTeam "Juvisy (W)"]
[WhiteTeamCountry "FRA"]
[BlackTeamCountry "FRA"]

1. d4 d5 2. Nf3 Nf6 3. Bg5 Nbd7 4. e3 Ne4 5. Bh4 Ndf6 6. c4 e6 7. Nc3 Be7 8. Be2 0-0 9. 0-0 c6 10. Qc2 Nxc3 11. bxc3 Re8 12. cxd5 exd5 13. c4 Bg4 14. Ne5 Bxe2 15. Qxe2 Nd7 16. Bxe7 Rxe7 17. Nxd7 Qxd7 18. c5 f5 19. Qd2 Rf8 20. Rab1 f4 21. exf4 Qg4 22. Rfe1 Rxe1+ 23. Rxe1 Qxf4 24. Qe3 Qxe3 25. fxe3 Re8 26. Kf2 Kf7 27. Ke2 Kf6 28. Rf1+ Ke6 29. a4 b6 30. cxb6 axb6 31. Rb1 Rb8 32. Kd3 Kd6 33. e4 dxe4+ 34. Kxe4 b5 35. Rb4 Re8+ 36. Kd3 Rb8 37. Ke4 h6 38. h3 Rb7 39. d5 Re7+ 40. Kd3 Kc5 41. d6 Rd7 42. Rd4 bxa4 43. Rxa4 Rxd6+ 44. Kc3 Kb5 45. Rb4+ Kc5 46. Rb2 Re6 47. Kd3 Kd5 48. Ra2 c5 49. Ra5 Rb6 50. Kc3 Rg6 51. Ra2 Rg3+ 52. Kb2 Rxg2+ 0-1

[Event "FRA-chT Top 12 (Women)"]
[Site "Mulhouse"]
[Date "2014.05.11"]
[Round "5.3"]
[White "Haussernot, Cecile"]
[Black "Rasinaru, Alina"]
[Result "1-0"]
[WhiteElo "2006"]
[BlackElo "1954"]
[PlyCount "115"]
[EventDate "2014.05.09"]
[EventType "team-tourn"]
[EventRounds "5"]
[EventCountry "FRA"]
[SourceTitle "CBM 160 Extra"]
[Source "ChessBase"]
[SourceDate "2014.07.01"]
[SourceVersion "1"]
[SourceVersionDate "2014.07.01"]
[SourceQuality "1"]
[WhiteTeam "Mulhouse Philidor (W)"]
[BlackTeam "Evry Grand Roque (W)"]
[WhiteTeamCountry "FRA"]
[BlackTeamCountry "FRA"]

1. e4 c5 2. Nc3 Nc6 3. Nf3 d6 4. d4 cxd4 5. Nxd4 g6 6. Be3 Bg7 7. Bc4 Nf6 8. h3 0-0 9. Bb3 a6 10. 0-0 Na5 11. f4 Nxb3 12. axb3 b5 13. b4 Bb7 14. Qd3 Rc8 15. Rad1 Qc7 16. Nb3 Ba8 17. Na5 Nxe4 18. Nxe4 Qxc2 19. Nf2 Qxb2 20. Bd2 Bc3 21. f5 Qxb4 22. f6 exf6 23. Ng4 Qd4+ 24. Be3 Qxd3 25. Rxd3 f5 26. Nh6+ Kg7 27. Nxf5+ gxf5 28. Rxc3 Rxc3 29. Bd4+ Kg6 30. Bxc3 Rc8 31. Bb4 d5 32. Nb3 Rc4 33. Bd2 d4 34. Kf2 Rc2 35. Ke1 d3 36. Nd4 Ra2 37. Rxf5 h6 38. g4 Ra1+ 39. Kf2 Rh1 40. Rh5 Be4 41. h4 f6 42. Rxh6+ Kg7 43. Rh5 Bg6 44. Rc5 Rxh4 45. Rc7+ Kg8 46. Kg3 Rh1 47. Kf4 Bf7 48. Nf5 Rf1+ 49. Ke4 Bg6 50. Rg7+ Kf8 51. Rxg6 Rf2 52. Bb4+ Kf7 53. Rg7+ Ke8 54. Kxd3 Rf4 55. Re7+ Kd8 56. Ba5+ Kc8 57. Nd6+ Kb8 58. Bb6 1-0

[Event "FRA-chT Top 12 final (Women)"]
[Site "Chalons en Champagne"]
[Date "2013.06.23"]
[Round "2"]
[White "De Talance, Berenice"]
[Black "Rasinaru, Alina"]
[Result "0-1"]
[WhiteElo "1433"]
[BlackElo "1986"]
[PlyCount "106"]
[EventDate "2013.06.22"]
[EventType "team-tourn"]
[EventRounds "2"]
[EventCountry "FRA"]
[SourceTitle "CBM 155 Extra"]
[Source "ChessBase"]
[SourceDate "2013.08.26"]
[SourceVersion "1"]
[SourceVersionDate "2013.08.26"]
[SourceQuality "1"]
[WhiteTeam "Vandoeuvre (W)"]
[BlackTeam "Evry Grand Roque (W)"]
[WhiteTeamCountry "FRA"]
[BlackTeamCountry "FRA"]

1. e4 c5 2. Nf3 d6 3. Bb5+ Bd7 4. Bxd7+ Qxd7 5. 0-0 Nc6 6. c3 g6 7. d4 cxd4 8. cxd4 Bg7 9. Nc3 Nf6 10. Bf4 Nh5 11. Be3 0-0 12. h3 Rac8 13. Qd2 Na5 14. b3 Rfd8 15. Rac1 Nf6 16. Rfd1 b5 17. Qd3 b4 18. Ne2 Qb7 19. Ng3 d5 20. e5 Ne4 21. Ne2 Rc6 22. Nd2 Nxd2 23. Bxd2 Rdc8 24. Rxc6 Rxc6 25. a3 Rb6 26. Qf3 e6 27. axb4 Nc6 28. Ra1 Nxb4 29. Bxb4 Rxb4 30. Rb1 a5 31. Qc3 a4 32. Nc1 Bh6 33. Kh1 Bxc1 34. Rxc1 axb3 35. Rb1 b2 36. Kh2 Kg7 37. f3 Qb6 38. Qd2 Qxd4 39. Qxd4 Rxd4 40. Rxb2 g5 41. Kg3 h5 42. Re2 Kg6 43. Kf2 Kf5 44. g4+ hxg4 45. hxg4+ Kf4 46. Kg2 Rd3 47. Rb2 Kxe5 48. Rb7 f5 49. gxf5 Kxf5 50. Kg3 e5 51. Rb5 g4 52. Kg2 gxf3+ 53. Kf2 e4 0-1

[Event "FRA-chT Top 12 (Women)"]
[Site "Archamps"]
[Date "2013.02.17"]
[Round "5.1"]
[White "Rasinaru, Alina"]
[Black "Lamoureux, Izabelle"]
[Result "1/2-1/2"]
[WhiteElo "1988"]
[BlackElo "2093"]
[PlyCount "61"]
[EventDate "2013.02.15"]
[EventType "team-swiss"]
[EventRounds "5"]
[EventCountry "FRA"]
[SourceTitle "CBM 152 Extra"]
[Source "ChessBase"]
[SourceDate "2013.02.25"]
[SourceVersion "1"]
[SourceVersionDate "2013.02.25"]
[SourceQuality "1"]
[WhiteTeam "Evry Grand Roque (W)"]
[BlackTeam "Annemasse (W)"]
[WhiteTeamCountry "FRA"]
[BlackTeamCountry "FRA"]

1. e4 c5 2. c3 d5 3. exd5 Qxd5 4. d4 Nf6 5. Nf3 Bg4 6. Be2 e6 7. 0-0 Be7 8. Be3 cxd4 9. cxd4 0-0 10. Nc3 Qa5 11. h3 Bh5 12. Ne5 Bxe2 13. Qxe2 Nbd7 14. Nc4 Qc7 15. Rac1 Rac8 16. Nb5 Qb8 17. d5 Nxd5 18. Bxa7 Qf4 19. Rfd1 Bc5 20. Bxc5 Rxc5 21. Ne3 Qe5 22. Rxc5 Nxc5 23. Nd4 Nxe3 24. Qxe3 Qd5 25. Rc1 Rd8 26. b4 Ne4 27. Nb3 h6 28. Re1 Nf6 29. Qc5 Qd3 30. Qe3 Qd5 31. Qc5 1/2-1/2

[Event "Orsay-B"]
[Site "Orsay"]
[Date "2009.02.15"]
[Round "1"]
[White "Rasinaru, Alina"]
[Black "Baron, Romuald"]
[Result "0-1"]
[WhiteElo "2018"]
[BlackElo "1942"]
[PlyCount "54"]
[EventDate "2009.02.15"]
[EventType "tourn"]
[EventRounds "7"]
[EventCountry "FRA"]
[SourceTitle "CBM 129 Extra"]
[Source "ChessBase"]
[SourceDate "2009.05.05"]
[SourceVersion "2"]
[SourceVersionDate "2009.05.20"]
[SourceQuality "1"]

1. e4 e6 2. d4 d5 3. exd5 exd5 4. Bd3 c5 5. c3 Nc6 6. Nf3 Nf6 7. Bg5 Be7 8. dxc5 Bxc5 9. 0-0 0-0 10. Nbd2 Qd6 11. Qc2 h6 12. Bxf6 Qxf6 13. Nb3 Bb6 14. Nbd4 Bg4 15. Nxc6 bxc6 16. Nd2 Rfe8 17. Nb3 Qg5 18. Qd2 Qxd2 19. Nxd2 Be2 20. Bxe2 Rxe2 21. Rad1 Rae8 22. c4 Rxf2 23. Rxf2 Re2 24. cxd5 Rxf2 25. Nc4 Rd2+ 26. Nxb6 Rxd1+ 27. Kf2 axb6 0-1